ბათუმის შოთა რუსთაველის სახელმწიფო უნივერსიტეტის ბიბლიოთეკა

მე–20 საუკუნის ქართული მოთხრობის ანთოლოგია (ბიბ.ჩანაწერი № 43069)

000 -LEADER
fixed length control field 00731nam a2200217Ia 4500
001 - CONTROL NUMBER
control field 9789
003 - CONTROL NUMBER IDENTIFIER
control field GE_BSU
008 - FIXED-LENGTH DATA ELEMENTS--GENERAL INFORMATION
fixed length control field 181216s||||||||xx |||||||||||||| ||und||
020 ## - INTERNATIONAL STANDARD BOOK NUMBER
International Standard Book Number 9789994034758
040 ## - CATALOGING SOURCE
Transcribing agency GE_BSU
080 ## - UNIVERSAL DECIMAL CLASSIFICATION NUMBER
Universal Decimal Classification number 821.353.1–32
245 ## - TITLE STATEMENT
Title მე–20 საუკუნის ქართული მოთხრობის ანთოლოგია
245 ## - TITLE STATEMENT
Statement of responsibility, etc. შემდგ.თამაზ ვასაძე
260 ## - PUBLICATION, DISTRIBUTION, ETC.
Place of publication, distribution, etc. თბილისი
260 ## - PUBLICATION, DISTRIBUTION, ETC.
Name of publisher, distributor, etc. გია ქარჩხაძის გამ–ბა
260 ## - PUBLICATION, DISTRIBUTION, ETC.
Date of publication, distribution, etc. 2007
300 ## - PHYSICAL DESCRIPTION
Extent 686გვ.23სმ.
653 ## - INDEX TERM--UNCONTROLLED
Uncontrolled term ქართული მოთხრობის ანთოლოგია
942 ## - ADDED ENTRY ELEMENTS (KOHA)
Koha item type წიგნი
ეგზემპლარები
Withdrawn status Lost status Damaged status Not for loan Date acquired Barcode Date last seen Price effective from Koha item type
        2018-12-17 32904 2018-12-17 2018-12-17 წიგნი